| 000 | 00640nam a2200217 a 4500 | ||
|---|---|---|---|
| 005 | 20140310183330.0 | ||
| 008 | 060818s19uu xx 00 eng d | ||
| 020 | _a0077111214 | ||
| 050 |
_aHF 5549.5.R44 _b.G882 2005 |
||
| 100 | _aGrout, Jeff | ||
| 245 |
_aRecruiting Excellence : _ban insider's guide to sourcing top talent / _cJeff Grout |
||
| 260 |
_aLondon : _bMcGraw-Hill Companies, _c2005. |
||
| 300 |
_a242 p. : _c22 cm. |
||
| 521 | _aBSBA | ||
| 650 |
_aEmployees _xRecruiting. |
||
| 650 | _aEmployee selection. | ||
| 650 | _aEmployment interviewing. | ||
| 700 | _aPerrin, Sarah. | ||
| 942 |
_cBK _2lcc _kFOR |
||
| 999 |
_c21541 _d21541 |
||